000
00276nam a22001217a 4500
040
_c
SY
082
_a
743
100
_a
មាស មករា
245
_a
ការគូរផែនទីព្រៃឈើ
260
_a
RUA
_b
មាស
_c
2005
300
_a
14p.
942
_c
KB
999
_c
9144
_d
9144